[Event "IV Festival A"]
[Site "Porto San Giorgio ITA"]
[Date "1992.08.22"]
[Round "1"]
[White "Agnelli, Francesco"]
[Black "Ferretti, Folco"]
[WhiteElo "1985"]
[BlackElo "2270"]
[Result "0-1"]
[PlyCount "48"]
[EventDate "1992.08.22"]

1. e4 Nf6 2. e5 Nd5 3. d4 d6 4. c4 Nb6 5. f4 dxe5 6. fxe5 Nc6 7. Be3 Bf5 8. Nc3
e6 9. Nf3 Bg4 10. c5 Nd5 11. Bf2 Be7 12. Bc4 O-O 13. O-O Nf4 14. Qd2 Nxg2 15.
Kxg2 Bxf3+ 16. Kxf3 Nxe5+ 17. dxe5 Qxd2 18. Ne4 Qxb2 19. Bg3 f5 20. exf6 Bxf6
21. Bxe6+ Kh8 22. Rab1 Bd4+ 23. Bf4 Qxh2 24. Ng3 g5 0-1

[Event "IV Festival A"]
[Site "Porto San Giorgio ITA"]
[Date "1992.08.22"]
[Round "1"]
[White "Battaggia, Piergiorgio"]
[Black "Luciani, Valerio"]
[WhiteElo "2084"]
[BlackElo "1905"]
[Result "0-1"]
[PlyCount "72"]
[EventDate "1992.08.22"]

1. d4 f5 2. c4 Nf6 3. Nf3 g6 4. g3 Bg7 5. Bg2 d6 6. O-O O-O 7. Nc3 c6 8. Qc2
Nh5 9. b3 Na6 10. Bb2 e5 11. dxe5 dxe5 12. Rad1 Qe7 13. Qd2 e4 14. Nd4 Nc7 15.
Nc2 Be6 16. Ba3 c5 17. Qe3 b6 18. f3 f4 19. gxf4 Bxc3 20. Qxc3 Nxf4 21. Rf2 Bh3
22. Bb2 Bxg2 23. Rxg2 Nce6 24. Qh8+ Kf7 25. Qxh7+ Ke8 26. Qh6 Rd8 27. Rd5 exf3
28. exf3 Nxd5 29. Qxg6+ Qf7 30. cxd5 Qxg6 31. Rxg6 Nf4 32. Rg7 Rxd5 33. Ne3 Rd3
34. Nc4 b5 35. Ne5 Rd1+ 36. Kf2 Rd2+ 0-1

[Event "IV Festival A"]
[Site "Porto San Giorgio ITA"]
[Date "1992.08.22"]
[Round "1"]
[White "Damiano, Giuseppe"]
[Black "Lagumina, Giulio"]
[WhiteElo "1957"]
[BlackElo "2250"]
[Result "0-1"]
[PlyCount "34"]
[EventDate "1992.08.22"]

1. e4 e5 2. f4 exf4 3. Nf3 g5 4. h4 g4 5. Ne5 Nf6 6. Bc4 d5 7. exd5 Bd6 8. d4
O-O 9. Bxf4 Nh5 10. g3 f6 11. Nd3 Nxg3 12. Rg1 Re8+ 13. Kf2 Ne2 14. Bxd6 Qxd6
15. Nc3 Qh2+ 16. Rg2 g3+ 17. Kf3 Nxd4+ 0-1

[Event "IV Festival A"]
[Site "Porto San Giorgio ITA"]
[Date "1992.08.22"]
[Round "1"]
[White "De Gregorio, Massimiliano"]
[Black "Altini, Daniele"]
[WhiteElo "1960"]
[BlackElo "2255"]
[Result "1-0"]
[PlyCount "77"]
[EventDate "1992.08.22"]

1. e4 c5 2. Nf3 e6 3. d4 cxd4 4. Nxd4 Nc6 5. Nc3 d6 6. Be3 Nf6 7. f4 Be7 8. Bc4
a6 9. Qf3 Qc7 10. Bb3 O-O 11. Nde2 b5 12. a3 Bb7 13. O-O Na5 14. Nd4 Nxb3 15.
cxb3 Rac8 16. f5 e5 17. Nde2 Qb8 18. Rad1 Qa8 19. Ng3 d5 20. Nxd5 Nxd5 21. exd5
Rcd8 22. f6 Bxf6 23. Qg4 Bc8 24. Qe4 Qb8 25. Bc5 Rfe8 26. Rxf6 gxf6 27. Nh5 Rd6
28. Qh4 Bf5 29. Bxd6 Qxd6 30. Qxf6 Qxf6 31. Nxf6+ Kf8 32. Nxe8 Kxe8 33. Re1 e4
34. Kf2 Kd7 35. Ke3 Kd6 36. Kd4 Bg6 37. g4 f5 38. gxf5 Bxf5 39. b4 1-0

[Event "IV Festival A"]
[Site "Porto San Giorgio ITA"]
[Date "1992.08.23"]
[Round "2"]
[White "Dragojlovic, Andjelko"]
[Black "Paoli, Enrico"]
[WhiteElo "2385"]
[BlackElo "2205"]
[Result "1-0"]
[PlyCount "61"]
[EventDate "1992.08.22"]

1. e4 c5 2. Nf3 Nc6 3. b3 d6 4. d4 cxd4 5. Nxd4 Nf6 6. Nxc6 bxc6 7. Bd3 e5 8.
c4 Be7 9. O-O O-O 10. Bb2 Nd7 11. Nc3 Nc5 12. Bc2 Ne6 13. Ne2 c5 14. f4 exf4
15. Nxf4 Bf6 16. Nxe6 fxe6 17. e5 Bxe5 18. Qh5 g6 19. Bxg6 hxg6 20. Qxg6+ Kh8
21. Bxe5+ dxe5 22. Rxf8+ Qxf8 23. Rf1 Qd8 24. Qh5+ Kg8 25. Qg4+ Kh8 26. Qh3+
Kg7 27. Qg3+ Kh6 28. Qe3+ Kh7 29. Qe4+ Kg8 30. Qxa8 Qd7 31. Qf3 1-0

[Event "IV Festival A"]
[Site "Porto San Giorgio ITA"]
[Date "1992.08.24"]
[Round "3"]
[White "Lazzarato, Alberto"]
[Black "Bartolini, Tommaso"]
[WhiteElo "2039"]
[BlackElo "1902"]
[Result "0-1"]
[PlyCount "38"]
[EventDate "1992.08.22"]

1. e4 c5 2. Nf3 d6 3. d4 cxd4 4. Nxd4 Nf6 5. Nc3 a6 6. Bg5 e6 7. f4 Nc6 8. Nxc6
bxc6 9. Qf3 Qb6 10. O-O-O Rb8 11. b3 d5 12. exd5 cxd5 13. f5 Be7 14. Bf4 Ra8
15. g4 O-O 16. g5 Ne4 17. f6 Ba3+ 18. Kb1 Qf2 19. Qxf2 Nxc3+ 0-1

[Event "IV Festival A"]
[Site "Porto San Giorgio ITA"]
[Date "1992.08.25"]
[Round "4"]
[White "Caselli, Luigi"]
[Black "Zinani, Alessandro"]
[WhiteElo "2325"]
[BlackElo "2110"]
[Result "0-1"]
[PlyCount "100"]
[EventDate "1992.08.22"]

1. e4 e6 2. d4 d5 3. exd5 exd5 4. Nf3 Nf6 5. Bd3 Bd6 6. O-O O-O 7. h3 h6 8. Ne5
c5 9. c3 Nc6 10. Nxc6 bxc6 11. dxc5 Bxc5 12. Bf4 Re8 13. Nd2 Bd6 14. Qf3 Bxf4
15. Qxf4 Qb6 16. b3 Ba6 17. c4 Qb4 18. Nf3 dxc4 19. bxc4 Rad8 20. Rfd1 Qb2 21.
Qc1 Qxc1 22. Raxc1 c5 23. Bf1 Ne4 24. Re1 Nd6 25. Nd2 Rxe1 26. Rxe1 Kf8 27. Nb3
Rc8 28. Re5 Bxc4 29. Bxc4 Nxc4 30. Rxc5 Rxc5 31. Nxc5 Ke7 32. Kf1 Kd6 33. Nb3
Kd5 34. Ke2 Ne5 35. Ke3 Kc4 36. Kd2 g6 37. Kc2 Kb4 38. Nd4 a5 39. f4 Nc4 40.
Nc6+ Kb5 41. Ne5 Ne3+ 42. Kc1 Nxg2 43. f5 gxf5 44. Nxf7 Kb4 45. Nxh6 f4 46. Kb2
Ne3 47. Nf7 f3 48. a3+ Ka4 49. Ng5 f2 50. Ne4 Nd1+ 0-1

[Event "IV Festival A"]
[Site "Porto San Giorgio ITA"]
[Date "1992.08.25"]
[Round "4"]
[White "Cazzaniga, Walter"]
[Black "Ciotoli, Patrizio"]
[WhiteElo "2100"]
[BlackElo "1920"]
[Result "1-0"]
[PlyCount "81"]
[EventDate "1992.08.22"]

1. d4 Nf6 2. c4 g6 3. Nc3 d5 4. cxd5 Nxd5 5. e4 Nxc3 6. bxc3 Bg7 7. Be3 c5 8.
Rc1 O-O 9. Nf3 Bg4 10. d5 Qa5 11. Qd2 Nd7 12. c4 Qc7 13. Be2 Bxf3 14. Bxf3 b6
15. O-O Rad8 16. Qc2 Ne5 17. Be2 Qd7 18. h3 f6 19. Rb1 g5 20. f4 gxf4 21. Bxf4
Kh8 22. a4 Ng6 23. Be3 Qd6 24. Bg4 Ra8 25. Bf5 Qg3 26. Rf3 Qe5 27. Bf2 Bh6 28.
Bg3 Qd4+ 29. Kh1 Qd2 30. Qb3 Qa5 31. Bxg6 hxg6 32. e5 f5 33. e6 Bg7 34. Be1 Qa6
35. Bc3 Rad8 36. Rbf1 Kg8 37. Bxg7 Kxg7 38. g4 Rf6 39. g5 Rff8 40. Qb2+ Kh7 41.
Rf4 1-0

[Event "IV Festival A"]
[Site "Porto San Giorgio ITA"]
[Date "1992.08.25"]
[Round "4"]
[White "Lagumina, Giulio"]
[Black "Lagrotteria, Salvatore"]
[WhiteElo "2250"]
[BlackElo "2250"]
[Result "1-0"]
[PlyCount "49"]
[EventDate "1992.08.22"]

1. e4 c5 2. Nf3 d6 3. d4 cxd4 4. Nxd4 Nf6 5. Nc3 g6 6. Be3 Bg7 7. f3 O-O 8. Qd2
Nc6 9. g4 Nxd4 10. Bxd4 Be6 11. O-O-O Qa5 12. a3 Rfc8 13. h4 Rab8 14. h5 b5 15.
hxg6 fxg6 16. Qg5 Bf7 17. Nd5 Bxd5 18. Bxf6 Bb3 19. Bxg7 Bxc2 20. Bc4+ Rxc4 21.
Qd5+ Kxg7 22. Rxh7+ Kxh7 23. Qf7+ Kh6 24. g5+ Kxg5 25. Rg1+ 1-0

[Event "IV Festival A"]
[Site "Porto San Giorgio ITA"]
[Date "1992.08.25"]
[Round "4"]
[White "Rizzo, Giovanbattista"]
[Black "Gambino, Giovanni Francesco"]
[WhiteElo "2018"]
[BlackElo "1953"]
[Result "1-0"]
[PlyCount "59"]
[EventDate "1992.08.22"]

1. Nf3 Nf6 2. c4 b6 3. g3 Bb7 4. Bg2 g6 5. O-O Bg7 6. Nc3 O-O 7. d4 e6 8. Qd3
d5 9. cxd5 exd5 10. Bf4 Ne4 11. Rfe1 Re8 12. Rac1 Na6 13. Qd1 Nxc3 14. bxc3 c5
15. Qd2 c4 16. Ne5 Rc8 17. h4 f6 18. Ng4 Rc6 19. e4 dxe4 20. Rxe4 f5 21. Rxe8+
Qxe8 22. Re1 Qc8 23. Bd5+ Kf8 24. Qe2 Qd7 25. Bxc6 Qxc6 26. Qe7+ Kg8 27. Qe8+
Bf8 28. Nh6+ Kg7 29. Re7+ Kf6 30. Qxf8# 1-0

[Event "IV Festival A"]
[Site "Porto San Giorgio ITA"]
[Date "1992.08.26"]
[Round "5"]
[White "Hugony, Fabrizio"]
[Black "Zinani, Alessandro"]
[WhiteElo "2270"]
[BlackElo "2110"]
[Result "1-0"]
[PlyCount "39"]
[EventDate "1992.08.22"]

1. e4 e6 2. d4 d5 3. Nd2 c5 4. exd5 Qxd5 5. Ngf3 cxd4 6. Bc4 Qd6 7. O-O Nf6 8.
Nb3 Nc6 9. Nbxd4 Nxd4 10. Nxd4 a6 11. b3 Be7 12. Bb2 b5 13. Bd3 Bb7 14. Re1 O-O
15. Re3 Qd5 16. Rg3 Bd6 17. c4 bxc4 18. bxc4 Qa5 19. Nc6 Bxc6 20. Rxg7+ 1-0

[Event "IV Festival A"]
[Site "Porto San Giorgio ITA"]
[Date "1992.08.26"]
[Round "5"]
[White "Lazzarato, Alberto"]
[Black "De Vita, Igor"]
[WhiteElo "2039"]
[BlackElo "1905"]
[Result "1-0"]
[PlyCount "35"]
[EventDate "1992.08.22"]

1. e4 Nf6 2. e5 Nd5 3. c4 Nb6 4. c5 Nd5 5. Nc3 Nxc3 6. dxc3 d5 7. Bg5 c6 8. Bd3
Qc7 9. f4 b6 10. cxb6 axb6 11. Nf3 e6 12. O-O Be7 13. c4 O-O 14. Bxe7 Qxe7 15.
Bxh7+ Kxh7 16. Ng5+ Kg6 17. Qg4 f5 18. Qh4 1-0

[Event "IV Festival A"]
[Site "Porto San Giorgio ITA"]
[Date "1992.08.26"]
[Round "5"]
[White "Ventura, Boris"]
[Black "Spada, Angelo"]
[WhiteElo "2002"]
[BlackElo "1905"]
[Result "1-0"]
[PlyCount "29"]
[EventDate "1992.08.22"]

1. e4 d6 2. d4 Nf6 3. Nc3 c6 4. Nf3 Bg4 5. Be2 Nbd7 6. O-O e5 7. Be3 Be7 8. Nh4
Nxe4 9. Nxe4 Bxe2 10. Qxe2 Bxh4 11. Nxd6+ Kf8 12. dxe5 Be7 13. Nxf7 Kxf7 14.
e6+ Kxe6 15. Bb6+ 1-0

[Event "IV Festival A"]
[Site "Porto San Giorgio ITA"]
[Date "1992.08.27"]
[Round "6"]
[White "Lagumina, Giulio"]
[Black "Battaggia, Piergiorgio"]
[WhiteElo "2250"]
[BlackElo "2084"]
[Result "1-0"]
[PlyCount "45"]
[EventDate "1992.08.22"]

1. e4 c5 2. Nf3 d6 3. d4 cxd4 4. Nxd4 Nf6 5. Nc3 a6 6. f4 e5 7. Nf3 Nbd7 8. a4
b6 9. Bd3 Bb7 10. O-O Be7 11. Nh4 g6 12. f5 O-O 13. Bh6 Re8 14. Bc4 Bf8 15.
Bxf8 Nxf8 16. fxg6 hxg6 17. Qf3 Kg7 18. Qg3 Bc8 19. Rxf6 Qxf6 20. Rf1 Qe7 21.
Rxf7+ Qxf7 22. Bxf7 Kxf7 23. Nd5 1-0

[Event "IV Festival A"]
[Site "Porto San Giorgio ITA"]
[Date "1992.08.27"]
[Round "6"]
[White "Schuler, Klaus"]
[Black "Buratti, Marco"]
[WhiteElo "2130"]
[BlackElo "1991"]
[Result "0-1"]
[PlyCount "60"]
[EventDate "1992.08.22"]

1. e4 e5 2. Nf3 Nc6 3. Bb5 Nf6 4. O-O Bc5 5. Qe2 O-O 6. c3 Re8 7. d3 h6 8. Nbd2
a5 9. Nc4 Na7 10. Ncxe5 Nxb5 11. d4 Bxd4 12. cxd4 Nxd4 13. Nxd4 Rxe5 14. f3 d5
15. Bf4 Re7 16. Rad1 c5 17. Nb5 b6 18. Bd6 Rd7 19. e5 Ba6 20. Rfe1 d4 21. Bxc5
bxc5 22. exf6 d3 23. Qe5 Bxb5 24. Qxc5 d2 25. Re7 Rd5 26. Qe3 Rc8 27. fxg7 Rc1
28. Qxh6 Rxd1+ 29. Kf2 Rf1+ 30. Kg3 Qd6+ 0-1

[Event "IV Festival A"]
[Site "Porto San Giorgio ITA"]
[Date "1992.08.27"]
[Round "6"]
[White "Scotti, Umberto"]
[Black "Luciani, Valerio"]
[WhiteElo "2026"]
[BlackElo "1905"]
[Result "1-0"]
[PlyCount "31"]
[EventDate "1992.08.22"]

1. e4 e6 2. d4 d5 3. Nc3 Bb4 4. exd5 exd5 5. Bd3 Ne7 6. Nge2 h6 7. O-O c6 8.
Ng3 O-O 9. Qh5 Qd6 10. Nce2 Qf6 11. f4 Bd6 12. c3 Kh8 13. f5 Rg8 14. Qf3 Bxg3
15. Nxg3 Nd7 16. Nh5 1-0

[Event "IV Festival A"]
[Site "Porto San Giorgio ITA"]
[Date "1992.08.28"]
[Round "7"]
[White "Battaggia, Piergiorgio"]
[Black "De Gregorio, Massimiliano"]
[WhiteElo "2084"]
[BlackElo "1960"]
[Result "1-0"]
[PlyCount "81"]
[EventDate "1992.08.22"]

1. d4 Nf6 2. c4 g6 3. Nc3 Bg7 4. e4 d6 5. Be2 O-O 6. Nf3 e5 7. O-O Nc6 8. d5
Ne7 9. Ne1 Nd7 10. Nd3 f5 11. Bd2 Nf6 12. f3 f4 13. c5 g5 14. Rc1 Ng6 15. cxd6
cxd6 16. Nb5 Rf7 17. Qa4 Ne8 18. Bb4 h5 19. Nf2 b6 20. Qb3 Bf8 21. Rc2 Rg7 22.
h3 Nh4 23. Rfc1 a6 24. Na3 Bd7 25. Be1 g4 26. hxg4 Nf6 27. Rc7 Rc8 28. Rxc8
Bxc8 29. Qd1 Bd7 30. b3 Kh8 31. Rc3 Be7 32. Nb1 Qg8 33. Rc7 Bd8 34. Rb7 Ng6 35.
Nd2 Ne7 36. Nf1 hxg4 37. fxg4 Bxg4 38. Bxg4 Nxg4 39. Nxg4 Rxg4 40. Qf3 Rg7 41.
Rb8 1-0

[Event "IV Festival A"]
[Site "Porto San Giorgio ITA"]
[Date "1992.08.28"]
[Round "7"]
[White "Brancaleoni, Maurizio"]
[Black "Tortarolo, Massimiliano"]
[WhiteElo "2004"]
[BlackElo "2255"]
[Result "1-0"]
[PlyCount "63"]
[EventDate "1992.08.22"]

1. d4 d5 2. c4 e6 3. Nc3 Nf6 4. cxd5 exd5 5. Bg5 c6 6. e3 Be7 7. Bd3 Nbd7 8.
Qc2 O-O 9. Nge2 Re8 10. O-O Nf8 11. f3 Ng6 12. Rad1 Nh5 13. Bxe7 Qxe7 14. e4
dxe4 15. fxe4 Bg4 16. Rf2 Nf6 17. Rdf1 Be6 18. h3 Rad8 19. Qc1 c5 20. e5 Nd5
21. Nxd5 Rxd5 22. Bc4 Rd7 23. Rxf7 Bxf7 24. Rxf7 Qxf7 25. Bxf7+ Kxf7 26. Qxc5
b6 27. Qc4+ Ke7 28. Ng3 Red8 29. Nf5+ Kf8 30. e6 Rd5 31. Qb4+ Kg8 32. e7 1-0

[Event "IV Festival A"]
[Site "Porto San Giorgio ITA"]
[Date "1992.08.28"]
[Round "7"]
[White "Ferretti, Folco"]
[Black "Rotoni, Fabrizio"]
[WhiteElo "2270"]
[BlackElo "2041"]
[Result "0-1"]
[PlyCount "88"]
[EventDate "1992.08.22"]

1. e4 e5 2. Nf3 Nc6 3. c3 Nf6 4. d4 d5 5. Bb5 Nxe4 6. Nxe5 Bd7 7. Qe2 Be7 8.
Bxc6 bxc6 9. O-O O-O 10. Re1 Bf6 11. Bf4 c5 12. f3 Ng5 13. dxc5 Re8 14. Qd2 Ne6
15. Bg3 Bxe5 16. Rxe5 Bc6 17. b4 Qd7 18. Na3 f6 19. Re2 a5 20. Nc2 axb4 21.
cxb4 d4 22. Rxe6 Qxe6 23. Nxd4 Qd7 24. Qc3 Kh8 25. a3 Red8 26. Nxc6 Qxc6 27.
Qc4 Rd2 28. Qe4 Qa4 29. Re1 h6 30. Bxc7 Qxa3 31. h3 Qa2 32. Qg6 Re2 33. Rxe2
Qxe2 34. Ba5 Re8 35. Kh2 Qe5+ 36. Qg3 Qa1 37. c6 Re1 38. Qb8+ Kh7 39. Bb6 Rh1+
40. Kg3 Rf1 41. Bf2 Qb2 42. Qb6 h5 43. Qd4 Rxf2 44. Qxf2 h4+ 0-1

[Event "IV Festival A"]
[Site "Porto San Giorgio ITA"]
[Date "1992.08.28"]
[Round "7"]
[White "Gambino, Giovanni Francesco"]
[Black "Schuler, Klaus"]
[WhiteElo "1953"]
[BlackElo "2130"]
[Result "0-1"]
[PlyCount "34"]
[EventDate "1992.08.22"]

1. e4 d5 2. exd5 Nf6 3. d4 Nxd5 4. c4 Nb6 5. Nc3 e5 6. dxe5 Qxd1+ 7. Kxd1 Nc6
8. Nb5 Bg4+ 9. f3 O-O-O+ 10. Ke1 Be6 11. Bf4 Nxc4 12. b3 Bb4+ 13. Kf2 Bc5+ 14.
Kg3 N4xe5 15. Rc1 Bb6 16. Nh3 h5 17. Bxe5 Nxe5 0-1

[Event "IV Festival A"]
[Site "Porto San Giorgio ITA"]
[Date "1992.08.28"]
[Round "7"]
[White "Lagumina, Giulio"]
[Black "Dragojlovic, Andjelko"]
[WhiteElo "2250"]
[BlackElo "2385"]
[Result "1-0"]
[PlyCount "59"]
[EventDate "1992.08.22"]

1. e4 c5 2. Nf3 d6 3. d4 cxd4 4. Nxd4 Nf6 5. Nc3 e6 6. g4 Nc6 7. g5 Nd7 8. Be3
a6 9. h4 Qc7 10. Qe2 b5 11. O-O-O b4 12. Nd5 exd5 13. Nxc6 Qxc6 14. exd5 Qb5
15. Qe1 Qa4 16. Bd4+ Kd8 17. Rh3 Nc5 18. b3 Qa3+ 19. Bb2 Qa5 20. Re3 Bd7 21. a3
Rb8 22. Rd4 h6 23. axb4 Qb6 24. bxc5 dxc5 25. Rde4 hxg5 26. Bh3 Bxh3 27. Re8+
Kc7 28. R3e7+ Bxe7 29. Qxe7+ Bd7 30. Be5+ 1-0

[Event "IV Festival A"]
[Site "Porto San Giorgio ITA"]
[Date "1992.08.28"]
[Round "7"]
[White "Lanzani, Mario"]
[Black "Cazzaniga, Walter"]
[WhiteElo "2330"]
[BlackElo "2100"]
[Result "1-0"]
[PlyCount "59"]
[EventDate "1992.08.22"]

1. Nf3 e6 2. e4 d5 3. e5 c5 4. b4 cxb4 5. d4 Nc6 6. a3 bxa3 7. c3 f6 8. Bxa3
Nh6 9. Bxf8 Rxf8 10. Bd3 f5 11. h4 Kf7 12. Na3 Kg8 13. Ng5 Bd7 14. Nb5 a6 15.
Nd6 b5 16. g4 b4 17. gxf5 exf5 18. Qb3 bxc3 19. Qxd5+ Kh8 20. Bc4 Ne7 21. Ndf7+
Nxf7 22. Nxf7+ Rxf7 23. Qxf7 Bb5 24. Rg1 Ng6 25. Bxb5 axb5 26. Ke2 Nf4+ 27. Kf3
Ng6 28. Qd7 Nxh4+ 29. Ke2 Ng6 30. Rxg6 1-0

[Event "IV Festival A"]
[Site "Porto San Giorgio ITA"]
[Date "1992.08.28"]
[Round "7"]
[White "Paoli, Enrico"]
[Black "Calella, Sergio"]
[WhiteElo "2205"]
[BlackElo "1986"]
[Result "1-0"]
[PlyCount "51"]
[EventDate "1992.08.22"]

1. e4 c5 2. Nf3 d6 3. d4 cxd4 4. Qxd4 Nc6 5. Bb5 Bd7 6. Bxc6 Bxc6 7. c4 Nf6 8.
Nc3 g6 9. O-O Bg7 10. h3 O-O 11. Qe3 a6 12. Rb1 Rc8 13. a4 b6 14. b3 Qc7 15.
Bb2 Qb7 16. Rfe1 Nd7 17. Nd5 Nc5 18. Bxg7 Kxg7 19. Nd4 Rfe8 20. Qg5 e6 21. Nxc6
Rxc6 22. Nf6 Rb8 23. Ng4 Nd7 24. Qh6+ Kg8 25. e5 dxe5 26. Rbd1 1-0

[Event "IV Festival A"]
[Site "Porto San Giorgio ITA"]
[Date "1992.08.28"]
[Round "7"]
[White "Sbraccia, Giovanni"]
[Black "Iotti, Pierluigi"]
[WhiteElo "1951"]
[BlackElo "1900"]
[Result "1-0"]
[PlyCount "65"]
[EventDate "1992.08.22"]

1. e4 e6 2. d4 d5 3. e5 c5 4. c3 Nc6 5. Nf3 Bd7 6. Be2 Qb6 7. O-O f6 8. Re1
fxe5 9. Nxe5 Nxe5 10. dxe5 O-O-O 11. a4 Qc7 12. Bf4 Ne7 13. Na3 a6 14. Nb5 axb5
15. axb5 Be8 16. c4 Bf7 17. Ra7 Qb6 18. Qa4 Kd7 19. Bd2 d4 20. Ba5 Qxa7 21. b6+
Nc6 22. bxa7 Ra8 23. Bb6 Be7 24. Qb5 Rhc8 25. Bf3 Ke8 26. Ra1 Bg6 27. Bxc5 Bxc5
28. Qxc5 Nxa7 29. Qb6 Nc6 30. Rxa8 Rxa8 31. Bxc6+ Kf8 32. Qb4+ Kg8 33. Ba4 1-0

[Event "IV Festival A"]
[Site "Porto San Giorgio ITA"]
[Date "1992.08.29"]
[Round "8"]
[White "Bartolini, Tommaso"]
[Black "Andreoli, Renato"]
[WhiteElo "1902"]
[BlackElo "2210"]
[Result "1-0"]
[PlyCount "51"]
[EventDate "1992.08.22"]

1. d4 Nf6 2. c4 e6 3. Nc3 Bb4 4. Bg5 c5 5. d5 h6 6. Bh4 b5 7. dxe6 fxe6 8. e4
O-O 9. cxb5 Bb7 10. e5 Qa5 11. Nge2 Nd5 12. Qc2 a6 13. Bg5 hxg5 14. h4 Bxc3+
15. bxc3 g4 16. h5 Qd8 17. Qg6 Qe8 18. Qxg4 Qf7 19. f3 Ne3 20. Qh4 Nc2+ 21. Kd1
Nxa1 22. h6 Qf5 23. Nd4 cxd4 24. hxg7 Bxf3+ 25. gxf3 Qxf3+ 26. Be2 1-0

[Event "IV Festival A"]
[Site "Porto San Giorgio ITA"]
[Date "1992.08.29"]
[Round "8"]
[White "Bevilacqua, Maurizio"]
[Black "Garofalo, Pietro"]
[WhiteElo "1941"]
[BlackElo "2042"]
[Result "1-0"]
[PlyCount "71"]
[EventDate "1992.08.22"]

1. d4 Nf6 2. c4 e6 3. Nf3 Bb4+ 4. Bd2 c5 5. Nc3 cxd4 6. Nxd4 Nc6 7. Nc2 Be7 8.
e4 d5 9. cxd5 exd5 10. exd5 Nxd5 11. Bb5 O-O 12. O-O Ne5 13. Qe2 Ng6 14. Rad1
Nxc3 15. Bxc3 Qc7 16. Rfe1 Bc5 17. Nd4 a6 18. Bd3 Bd7 19. Nf5 Rfe8 20. Qh5 Bf8
21. Bb1 Rxe1+ 22. Rxe1 Re8 23. Rd1 Bc6 24. Ne3 b5 25. Rd4 Be7 26. Rg4 b4 27.
Bxb4 Bb5 28. Bc3 Be2 29. Rxg6 Bxh5 30. Rxg7+ Kf8 31. Rxh7 f6 32. Rxh5 Rd8 33.
Bc2 Rd6 34. Nf5 Rc6 35. Rh8+ Kf7 36. Rh7+ 1-0

[Event "IV Festival A"]
[Site "Porto San Giorgio ITA"]
[Date "1992.08.29"]
[Round "8"]
[White "Fabbri, Mario"]
[Black "Redo, Nicola"]
[WhiteElo "2220"]
[BlackElo "2039"]
[Result "1-0"]
[PlyCount "43"]
[EventDate "1992.08.22"]

1. d4 Nf6 2. Nf3 g6 3. e3 Bg7 4. Be2 O-O 5. O-O d6 6. c4 c6 7. Nc3 Nbd7 8. b4
a5 9. b5 c5 10. Bb2 e5 11. dxe5 Nxe5 12. Nxe5 dxe5 13. Bf3 Qe7 14. Bd5 Be6 15.
Bxe6 Qxe6 16. Qa4 e4 17. Ne2 g5 18. Rad1 Nd7 19. Bxg7 Nb6 20. Qa3 Kxg7 21. Qxc5
Nxc4 22. Nd4 1-0

[Event "IV Festival A"]
[Site "Porto San Giorgio ITA"]
[Date "1992.08.29"]
[Round "8"]
[White "Gatto, Lucio"]
[Black "Ferretti, Folco"]
[WhiteElo "1955"]
[BlackElo "2270"]
[Result "0-1"]
[PlyCount "32"]
[EventDate "1992.08.22"]

1. e4 Nf6 2. Nc3 e5 3. f4 d5 4. exd5 exf4 5. d4 Nxd5 6. Nxd5 Qxd5 7. Bxf4 Nc6
8. Nf3 Bg4 9. c3 O-O-O 10. Bd3 g5 11. Bd2 Bg7 12. Be2 Bxf3 13. Bxf3 Rhe8+ 14.
Kf1 Qb5+ 15. Be2 Qf5+ 16. Kg1 Rxd4 0-1

[Event "IV Festival A"]
[Site "Porto San Giorgio ITA"]
[Date "1992.08.29"]
[Round "8"]
[White "Mascellani, Marco"]
[Black "Cazzaniga, Walter"]
[WhiteElo "1902"]
[BlackElo "2100"]
[Result "1-0"]
[PlyCount "89"]
[EventDate "1992.08.22"]

1. e4 e6 2. d4 d5 3. Nc3 Bb4 4. e5 c5 5. a3 Bxc3+ 6. bxc3 Ne7 7. Nf3 Nbc6 8.
Be2 Qa5 9. Bd2 Bd7 10. a4 c4 11. O-O f6 12. exf6 gxf6 13. Qc1 O-O-O 14. Qa3
Rhg8 15. Bf4 e5 16. dxe5 Ng6 17. Bg3 fxe5 18. Rfb1 a6 19. Ng5 Rg7 20. Bh5 Bf5
21. Bxg6 hxg6 22. Re1 d4 23. Nf3 d3 24. Nxe5 d2 25. Nxc4 dxe1=Q+ 26. Rxe1 Re7
27. Rf1 Qc7 28. Bxc7 Rxc7 29. Nd6+ Kb8 30. Nxf5 gxf5 31. g3 Na5 32. Kg2 Nc4 33.
Qb4 Rd6 34. Re1 b6 35. Re5 Rd2 36. Qf8+ Kb7 37. Re7 Nd6 38. Rxc7+ Kxc7 39. Qe7+
Kc6 40. h4 Rd5 41. h5 b5 42. axb5+ Rxb5 43. h6 Rb7 44. Qe2 Ra7 45. Qh5 1-0

[Event "IV Festival A"]
[Site "Porto San Giorgio ITA"]
[Date "1992.08.29"]
[Round "8"]
[White "Scotti, Umberto"]
[Black "Battaggia, Piergiorgio"]
[WhiteElo "2026"]
[BlackElo "2084"]
[Result "1-0"]
[PlyCount "33"]
[EventDate "1992.08.22"]

1. e4 c5 2. Nf3 d6 3. d4 cxd4 4. Nxd4 Nf6 5. Nc3 a6 6. f4 e5 7. Nf3 Nbd7 8. Bd3
Be7 9. O-O O-O 10. a4 Qc7 11. Qe2 exf4 12. Bxf4 Ne5 13. Nxe5 dxe5 14. Bg5 Bg4
15. Qe1 Qc6 16. Qh4 Bd7 17. Nd5 1-0

[Event "IV Festival A"]
[Site "Porto San Giorgio ITA"]
[Date "1992.08.29"]
[Round "8"]
[White "Vecchi, Michele"]
[Black "Piva, Giorgio"]
[WhiteElo "1900"]
[BlackElo "2032"]
[Result "0-1"]
[PlyCount "40"]
[EventDate "1992.08.22"]

1. d4 d5 2. Nf3 Nf6 3. c4 e6 4. g3 Be7 5. Bg2 O-O 6. O-O Nbd7 7. Nc3 dxc4 8. a4
c6 9. e3 Rb8 10. Nd2 b5 11. Bxc6 b4 12. Ne2 Ba6 13. Bg2 Qc7 14. Re1 c3 15. Nb3
c2 16. Qd2 Rfd8 17. d5 Nxd5 18. Ned4 Rbc8 19. Be4 N7f6 20. Qxc2 Qe5 0-1

[Event "IV Festival A"]
[Site "Porto San Giorgio ITA"]
[Date "1992.08.30"]
[Round "9"]
[White "Dizdarevic, Emir"]
[Black "Bellomo, Francesco"]
[WhiteElo "2480"]
[BlackElo "2365"]
[Result "1-0"]
[PlyCount "59"]
[EventDate "1992.08.22"]

1. Nf3 Nf6 2. g3 b6 3. Bg2 Bb7 4. c4 e6 5. O-O Be7 6. b3 O-O 7. Bb2 c5 8. e3
Nc6 9. Nc3 d5 10. cxd5 Nxd5 11. Nxd5 exd5 12. d4 Bf6 13. Qd2 Na5 14. dxc5 Bxb2
15. Qxb2 bxc5 16. Rfd1 Qb6 17. Nh4 Rfd8 18. Nf5 d4 19. exd4 Qf6 20. Bxb7 Nxb7
21. Ne3 cxd4 22. Nc2 Nc5 23. Rxd4 Rd5 24. Qc3 Rf5 25. Rc4 Qxc3 26. Rxc3 Ne4 27.
Nd4 Rd5 28. Rc4 Nd2 29. Nc6 Re8 30. Ne7+ 1-0

[Event "IV Festival A"]
[Site "Porto San Giorgio ITA"]
[Date "1992.08.30"]
[Round "9"]
[White "Ferretti, Folco"]
[Black "Brancaleoni, Maurizio"]
[WhiteElo "2270"]
[BlackElo "2004"]
[Result "0-1"]
[PlyCount "92"]
[EventDate "1992.08.22"]

1. e4 e5 2. Nf3 Nc6 3. Bc4 Nf6 4. d3 Be7 5. O-O O-O 6. c3 d5 7. exd5 Nxd5 8.
Re1 Bg4 9. h3 Bh5 10. Nbd2 Kh8 11. g4 Bg6 12. Nxe5 Nxe5 13. Rxe5 Nb6 14. d4 f5
15. Bd3 Bd6 16. Re3 Nd5 17. Rf3 Nf4 18. Nc4 fxg4 19. Rxf4 Bxf4 20. Bxg6 hxg6
21. Qxg4 Qf6 22. Bxf4 Qxf4 23. Rf1 Qxg4+ 24. hxg4 g5 25. Ne5 Kg8 26. Kg2 Rfe8
27. Rh1 c5 28. Kf3 cxd4 29. cxd4 Rac8 30. Ke4 Rc2 31. Kf5 Rxb2 32. Kxg5 Rxf2
33. Rc1 Rxa2 34. Rc7 Rb2 35. Nf7 a5 36. d5 Rb5 37. Kg6 Rb6+ 38. d6 Rf8 39. Nh6+
Kh8 40. Nf7+ Rxf7 41. Kxf7 Rxd6 42. g5 Kh7 43. Rxb7 Ra6 44. Kf8 Ra8+ 45. Kf7 a4
46. g6+ Kh6 0-1